How children think and learn : the social contexts of cognitive development
Αποθηκεύτηκε σε:
| Κύριος συγγραφέας: | |
|---|---|
| Μορφή: | Βιβλίο |
| Γλώσσα: | English |
| Δημοσίευση: |
Oxford :
Blackwell,
1998
|
| Έκδοση: | 2nd ed. |
| Σειρά: | Understanding children's worlds
|
| Θέματα: | |
| Ετικέτες: |
Προσθήκη ετικέτας
Δεν υπάρχουν, Καταχωρήστε ετικέτα πρώτοι!
|
MARC
| LEADER | 00000nam a2200000 i 4500 | ||
|---|---|---|---|
| 001 | 1/92797 | ||
| 008 | 991116s1998 eng d | ||
| 020 | |a 0-631-20007-X | ||
| 035 | |l 10054182 | ||
| 040 | |a GR-MY-UA |b gre |e aacr | ||
| 041 | 0 | |a eng | |
| 082 | 0 | |a 155.413 | |
| 100 | 1 | |a Wood, David. | |
| 245 | 1 | 0 | |a How children think and learn : |b the social contexts of cognitive development / |c David Wood |
| 250 | |a 2nd ed. | ||
| 260 | |a Oxford : |b Blackwell, |c 1998 | ||
| 300 | |a 320 p. | ||
| 490 | 1 | |a Understanding children's worlds | |
| 650 | 0 | 0 | |a Cognition in children. |
| 650 | 0 | 0 | |a Learning, Psychology of. |
| 830 | 0 | |a Understanding children's worlds | |
| 852 | |a INST |b RHODES |e 19991116 |h 155.413 WOO |p 005400012443 |q 005400012443 |t BK |y 0 | ||
| 901 | |a BIBL4-1999-3 | ||
| 909 | |a Ρ |b 068843 | ||
| 922 | |a 4ΕΛΗ |b 199909 |c ΚΠΣ/154 |d GLORY BOOKS | ||
| 970 | |a ΚΟΥΛΑΚΙΟΤΗ |b ΛΙΤΣΑ |z 1999/11/16 | ||